000
00208 a2200097 4500
001
2474
100
_a
Kuchemann, D
245
_a
Aerodynamics of Propulsion
260
_a
_b
McGraw-Hill
_c
090
_c
1788
_d
1788
942
_a
NUST-CAE
_c
M
_c
8757
999
_c
237547
_d
237547